Protect Your Information With Intrusion Detection (Record no. 6961)
[ view plain ]
| 000 -LEADER | |
|---|---|
| fixed length control field | 00541 a2200157 4500 |
| 020 ## - INTERNATIONAL STANDARD BOOK NUMBER | |
| International Standard Book Number | 1931769117 |
| 082 ## - DEWEY DECIMAL CLASSIFICATION NUMBER | |
| Classification number | 005.8 |
| 090 ## - LOCALLY ASSIGNED LC-TYPE CALL NUMBER (OCLC); LOCAL CALL NUMBER (RLIN) | |
| -- | 3044 |
| -- | 3044 |
| 100 ## - MAIN ENTRY--PERSONAL NAME | |
| Personal name | Lukatsky, Alex |
| 245 ## - TITLE STATEMENT | |
| Title | Protect Your Information With Intrusion Detection |
| Statement of responsibility, etc. | Alex, Lukatsky. |
| 260 ## - PUBLICATION, DISTRIBUTION, ETC. | |
| Place of publication, distribution, etc. | New Delhi : |
| Name of publisher, distributor, etc. | BPB Publications, |
| Date of publication, distribution, etc. | 2003. |
| 300 ## - PHYSICAL DESCRIPTION | |
| Extent | xii, 532 p. : |
| Other physical details | ill.; |
| Dimensions | 26 cm. |
| 500 ## - GENERAL NOTE | |
| General note | Includes bibliographical references and index |
| 650 ## - SUBJECT ADDED ENTRY--TOPICAL TERM | |
| Topical term or geographic name entry element | 1.Computer Networks--Security Measures.2.Computer Security.3.Computers--Access Control. |
| 942 ## - ADDED ENTRY ELEMENTS (KOHA) | |
| Koha item type | Book |
| Call number prefix | 005.8 LUK |
| Withdrawn status | Lost status | Damaged status | Not for loan | Collection code | Permanent Location | Current Location | Shelving location | Date acquired | Source of acquisition | Cost, normal purchase price | Total Checkouts | Full call number | Barcode | Checked out | Date last seen | Date last checked out | Price effective from | Koha item type |
|---|---|---|---|---|---|---|---|---|---|---|---|---|---|---|---|---|---|---|
| Central Library (CL) | Central Library (CL) | First Floor - Artificial Intelligence/Data Mining | 08/11/2003 | Vanguard | 303.96 | 1 | 005.8 LUK | SEECS003743 | 04/30/2026 | 03/31/2026 | 03/31/2026 | 01/05/2017 | Book |
